ELECTROMAGNETIC FLELDS & WAVES (Record no. 32468)

MARC details
000 -LEADER
fixed length control field 00276nam a22001217a 4500
003 - CONTROL NUMBER IDENTIFIER
control field SGT
082 ## - DEWEY DECIMAL CLASSIFICATION NUMBER
Classification number 621.382,PRA
100 ## - MAIN ENTRY--PERSONAL NAME
Personal name PRASAD, K.D.
245 ## - TITLE STATEMENT
Title ELECTROMAGNETIC FLELDS & WAVES
260 ## - PUBLICATION, DISTRIBUTION, ETC. (IMPRINT)
Place of publication, distribution, etc NEW DELHI
Name of publisher, distributor, etc SATYA PRAKASHAN
Year of Publication 2014
300 ## - PAGE DESCRIPTION
No. of Pages 1034
942 ## - ADDED ENTRY ELEMENTS (KOHA)
Source of classification or shelving scheme Dewey Decimal Classification
Koha item type Gifted Books
Holdings
Withdrawn status Lost status Source of classification or shelving scheme Damaged status Not for loan Collection code Home library Current library Shelving location Date acquired Vendor Name SGTU Full call number Accession No. (Barcode) Date last seen Bill Date Koha item type
    Dewey Decimal Classification     ENGINEERING SGT Engineering Library SGT Engineering Library Text Book 26/08/2025 SPECIMEN COPY SGTU 621.382,PRA FE9326 26/08/2025 26/08/2025 Gifted Books